[Event "FIDE World Bl Team Pool D"]
[Site "London ENG"]
[Date "2025.06.14"]
[Round "5.3"]
[White "Slavin, Gennadie"]
[Black "Esipenko, Andrey"]
[Result "0-1"]
[BlackTitle "GM"]
[WhiteElo "2207"]
[BlackElo "2689"]
[WhiteTeam "Perfect"]
[BlackTeam "KazChess"]
[WhiteFideId "4104870"]
[BlackFideId "24175439"]
[EventDate "2025.06.14"]
[EventType "team"]

1. e4 e5 2. Nc3 Nf6 3. Bc4 Bc5 4. d3 c6 5. Be3 Bb4 6. a3 Bxc3+ 7. bxc3 d5 8.
exd5 cxd5 9. Bb3 Qc7 10. Qd2 Be6 11. h3 Nbd7 12. Nf3 O-O 13. Ng5 Rac8 14. Nxe6
fxe6 15. c4 d4 16. Bg5 Nc5 17. O-O Nh5 18. Rae1 h6 19. Bh4 Rf4 20. Bg3 Nxg3 21.
fxg3 Rxf1+ 22. Rxf1 Rf8 23. Rxf8+ Kxf8 24. Qe2 Kg8 25. Kh2 e4 26. dxe4 Qe5 27.
h4 b6 28. Kh3 Nxe4 29. Kh2 Qxg3+ 30. Kg1 Nc5 31. Qf3 Qxf3 32. gxf3 Kf7 33. Kf2
Kf6 34. Kg3 e5 35. Ba2 h5 36. Bb1 e4 37. fxe4 Nxe4+ 0-1

[Event "FIDE World Bl Team Pool D"]
[Site "London ENG"]
[Date "2025.06.14"]
[Round "5.4"]
[White "Ansat, Aldiyar"]
[Black "Arakhamia-Grant, Ketevan"]
[Result "1-0"]
[WhiteTitle "IM"]
[BlackTitle "GM"]
[WhiteElo "2489"]
[BlackElo "2269"]
[WhiteTeam "KazChess"]
[BlackTeam "Perfect"]
[WhiteFideId "13715658"]
[BlackFideId "13600168"]
[EventDate "2025.06.14"]
[EventType "team"]

1. e4 c5 2. Nf3 e6 3. d4 cxd4 4. Nxd4 Nc6 5. Nc3 d6 6. Be3 Nf6 7. f3 Be7 8. Qd2
a6 9. O-O-O O-O 10. Kb1 Nxd4 11. Bxd4 b5 12. g4 Nd7 13. h4 Ne5 14. Be2 Nc6 15.
Be3 Qa5 16. Rdg1 b4 17. Nd1 e5 18. Bc4 Be6 19. Bd5 Rac8 20. g5 Bxd5 21. exd5 Nb8
22. h5 Nd7 23. Nf2 f5 24. gxf6 Nxf6 25. Rd1 Qb5 26. Bg5 a5 27. Bxf6 Bxf6 28. Ne4
Qd7 29. Qg2 Kh8 30. Rhg1 Qf7 31. Nxd6 Qxh5 32. Nxc8 Rxc8 33. Qg4 Qe8 34. d6 Qc6
35. Qf5 e4 36. Qxe4 a4 37. d7 1-0

[Event "FIDE World Bl Team Pool D"]
[Site "London ENG"]
[Date "2025.06.14"]
[Round "5.5"]
[White "Atlas, Dmitry"]
[Black "Kamalidenova, Meruert"]
[Result "0-1"]
[WhiteTitle "FM"]
[BlackTitle "IM"]
[WhiteElo "2107"]
[BlackElo "2330"]
[WhiteTeam "Perfect"]
[BlackTeam "KazChess"]
[WhiteFideId "12000051"]
[BlackFideId "13712802"]
[EventDate "2025.06.14"]
[EventType "team"]

1. e4 c5 2. c3 d5 3. exd5 Qxd5 4. d4 g6 5. Nf3 cxd4 6. cxd4 Nf6 7. Nc3 Qd8 8.
Be2 Bg7 9. O-O O-O 10. h3 b6 11. Be3 Bb7 12. Qb3 e6 13. Rfd1 Nd5 14. Rac1 Nd7
15. Nd2 Nxe3 16. fxe3 Bh6 17. Nf1 Qg5 18. e4 Nf6 19. Bf3 Qh4 20. Rc2 Rad8 21.
Re2 Nh5 22. d5 exd5 23. Nxd5 Bg7 24. Bxh5 Qxh5 25. Qf3 Qe5 26. Nfe3 h5 27. Nc4
Qe6 28. Red2 b5 29. Na5 Bxd5 30. exd5 Qb6+ 0-1

[Event "FIDE World Bl Team Pool D"]
[Site "London ENG"]
[Date "2025.06.14"]
[Round "5.6"]
[White "Aiten, Islam"]
[Black "Mindru, Valeriu"]
[Result "1-0"]
[WhiteElo "1950"]
[BlackElo "1874"]
[WhiteTeam "KazChess"]
[BlackTeam "Perfect"]
[WhiteFideId "13749420"]
[BlackFideId "13905775"]
[EventDate "2025.06.14"]
[EventType "team"]

1. d4 Nf6 2. Nc3 d5 3. Bf4 e6 4. Nb5 Na6 5. e3 Bd7 6. Nf3 Be7 7. a3 O-O 8. Bd3
Nh5 9. Bg3 Nxg3 10. hxg3 g6 11. Nc3 c5 12. Ne5 Bf6 13. Qg4 Bg7 14. O-O-O c4 15.
Be2 b5 16. Na2 Qe7 17. c3 f6 18. Qh4 Bh8 19. Nxg6 hxg6 20. Qxh8+ Kf7 21. Rh7+ 1-0

[Event "FIDE World Bl Team Pool D"]
[Site "London ENG"]
[Date "2025.06.14"]
[Round "5.1"]
[White "Kawuma, Patrick"]
[Black "Balogh, Csaba"]
[Result "0-1"]
[WhiteTitle "FM"]
[BlackTitle "GM"]
[WhiteElo "2231"]
[BlackElo "2544"]
[WhiteTeam "Equity Bank, Kenya"]
[BlackTeam "Team Hungary"]
[WhiteFideId "10000127"]
[BlackFideId "718939"]
[EventDate "2025.06.14"]
[EventType "team"]

1. c4 e5 2. g3 Nc6 3. Bg2 Nf6 4. Nf3 Bc5 5. O-O d6 6. Nc3 O-O 7. d3 h6 8. Rb1 a6
9. a3 Ba7 10. b4 Be6 11. a4 Qd7 12. Bd2 Bh3 13. c5 Bxg2 14. Kxg2 Nd4 15. cxd6
Nxf3 16. exf3 Qxd6 17. Ne4 Qe7 18. Nc5 c6 19. Qc2 Rad8 20. Be3 Nd5 21. Rfe1 a5
22. f4 Nxb4 23. Rxb4 axb4 0-1

[Event "FIDE World Bl Team Pool D"]
[Site "London ENG"]
[Date "2025.06.14"]
[Round "5.2"]
[White "Erdos, Viktor"]
[Black "Gurevich, Artjom"]
[Result "1-0"]
[WhiteTitle "GM"]
[WhiteElo "2545"]
[BlackElo "2183"]
[WhiteTeam "Team Hungary"]
[BlackTeam "Equity Bank, Kenya"]
[WhiteFideId "719978"]
[BlackFideId "2603870"]
[EventDate "2025.06.14"]
[EventType "team"]

1. d4 d5 2. c4 e6 3. Nc3 c5 4. cxd5 exd5 5. Nf3 Nc6 6. g3 Nf6 7. Bg2 cxd4 8.
Nxd4 Bc5 9. Nb3 Bb6 10. O-O d4 11. Na4 O-O 12. Bg5 Re8 13. Re1 h6 14. Bxf6 Qxf6
15. Nxb6 axb6 16. Bxc6 bxc6 17. Qxd4 c5 18. Qxf6 gxf6 19. f3 Be6 20. Kf2 Red8
21. Ke3 Kg7 22. Nc1 Ra7 23. a3 Rad7 24. Nd3 Bf5 25. Nf4 Be6 26. Rec1 Bb3 27. a4
Re7+ 28. Kf2 Rd2 29. a5 bxa5 30. Rxa5 c4 31. Nh5+ Kg6 32. Nf4+ Kg7 33. g4 Rxb2
34. Ra6 Rc7 35. Rc3 Rc2 36. Rxc2 Bxc2 37. Nd5 Rc5 38. Nc3 Bg6 39. Ke3 Rc7 40.
Kd4 f5 41. h3 fxg4 42. hxg4 f6 43. Nd5 Rc8 44. Ra7+ Bf7 45. Nc3 Rd8+ 46. Ke3 Rb8
47. Rc7 Rb3 48. Kd4 Rb2 49. Ke3 Rb3 50. Kd2 Rb2+ 51. Kc1 Rb3 52. Kc2 Kf8 53. Rc6
Bg6+ 54. Kd2 Rb2+ 55. Ke3 Rb3 56. Rxc4 Kg7 57. Rc7+ Bf7 58. Kf4 Rb2 59. e4 Rc2
60. Nb5 Rxc7 61. Nxc7 Bc4 62. Nd5 Be2 63. Ne3 Kg6 64. Nd5 Bd1 65. Ne7+ Kf7 66.
Nf5 Kg6 67. Ng3 Ba4 68. Nh5 Bd1 69. Kg3 Ba4 70. Nf4+ Kf7 71. Nd5 Bd1 72. Ne3 Ba4
73. Kh4 Kg6 74. Ng2 Bd1 75. Kg3 Kf7 76. Nh4 Kg7 77. Kf4 Be2 78. Ke3 Bd1 79. Kd4
Be2 80. Ke3 Bd1 81. Ng2 Kg6 82. Nf4+ Kg5 83. Nd5 Kg6 84. Nc3 Bb3 85. Kf4 Bc2 86.
Nb5 Bd1 87. Nd4 Ba4 88. Kg3 Bd1 89. Kh4 Ba4 90. f4 Bd1 91. Nf5 Bc2 92. Nd6 Bb1
93. f5+ Kh7 94. Ne8 Bc2 95. Nxf6+ Kg7 96. e5 Kf7 97. Kg3 Bb1 98. Kf4 Bc2 99. Nd5
Bb1 100. e6+ Kf8 101. Ke5 Bd3 102. f6 Be2 103. e7+ Kf7 104. Nc7 1-0

[Event "FIDE World Bl Team Pool D"]
[Site "London ENG"]
[Date "2025.06.14"]
[Round "5.3"]
[White "Andiwoh, Moses"]
[Black "Kozak, Adam"]
[Result "0-1"]
[BlackTitle "GM"]
[WhiteElo "1796"]
[BlackElo "2587"]
[WhiteTeam "Equity Bank, Kenya"]
[BlackTeam "Team Hungary"]
[WhiteFideId "10801502"]
[BlackFideId "753246"]
[EventDate "2025.06.14"]
[EventType "team"]

1. e4 c5 2. Nf3 d6 3. Bb5+ Nc6 4. d4 cxd4 5. Qxd4 Nf6 6. e5 Qa5+ 7. Nc3 Qxb5 8.
Nxb5 Nxd4 9. Nfxd4 dxe5 10. Nc7+ Kd7 11. Nxa8 exd4 12. Bf4 Ng4 13. h3 g5 14. Bg3
Nh6 15. Nc7 Nf5 16. Nb5 a6 17. Na3 Nxg3 18. fxg3 Bg7 19. O-O-O Kc7 20. Rhe1 Be6
21. b3 Bf6 22. Nb1 Bd5 23. Re2 h6 24. Nd2 Rd8 25. Nf3 Bc6 26. Red2 e5 27. c3
dxc3 28. Rxd8 Bxd8 29. Nxe5 Bxg2 30. Nxf7 Bf6 31. Kc2 Be4+ 32. Kc1 Be7 33. Rd4
Ba3+ 34. Kd1 c2+ 35. Kd2 c1=Q+ 0-1

[Event "FIDE World Bl Team Pool D"]
[Site "London ENG"]
[Date "2025.06.14"]
[Round "5.4"]
[White "Ruck, Robert"]
[Black "Kuka Kyle"]
[Result "1-0"]
[WhiteTitle "GM"]
[WhiteElo "2515"]
[BlackElo "1892"]
[WhiteTeam "Team Hungary"]
[BlackTeam "Equity Bank, Kenya"]
[WhiteFideId "705713"]
[BlackFideId "10831533"]
[EventDate "2025.06.14"]
[EventType "team"]

1. Nf3 d5 2. d4 Nf6 3. c4 c6 4. Nc3 dxc4 5. a4 Bf5 6. Ne5 Nbd7 7. Nxc4 Qc7 8. g3
e5 9. dxe5 Nxe5 10. Bf4 Nfd7 11. Bg2 g5 12. Nxe5 gxf4 13. Nxd7 Bxd7 14. Qd4 Rg8
15. Rd1 Bg7 16. Qe4+ Qe5 17. Qxh7 O-O-O 18. Qe4 Qa5 19. O-O fxg3 20. hxg3 Rh8
21. Nb5 Be6 22. b4 Qb6 23. Nd6+ Kb8 24. Qf4 Ka8 25. a5 Qc7 26. a6 Bh6 27. axb7+
Kb8 28. Qd4 Bg5 29. Ra1 Qb6 30. Qxb6 axb6 1-0

[Event "FIDE World Bl Team Pool D"]
[Site "London ENG"]
[Date "2025.06.14"]
[Round "5.5"]
[White "Mutisya, Jully"]
[Black "Gaal, Zsoka"]
[Result "0-1"]
[WhiteTitle "WCM"]
[BlackTitle "WGM"]
[WhiteElo "1822"]
[BlackElo "2391"]
[WhiteTeam "Equity Bank, Kenya"]
[BlackTeam "Team Hungary"]
[WhiteFideId "10814922"]
[BlackFideId "777765"]
[EventDate "2025.06.14"]
[EventType "team"]

1. d4 Nf6 2. Nf3 e6 3. Bf4 d5 4. e3 Bd6 5. Bg3 O-O 6. Nbd2 c5 7. c3 b6 8. Bd3
Ba6 9. Bxa6 Nxa6 10. Qe2 Nc7 11. Ne5 Qe8 12. Ng6 Bxg3 13. Nxf8 Bd6 14. Nxh7 Nxh7
15. h4 Qb5 16. Qxb5 Nxb5 17. Nf3 Nf6 18. a4 Nc7 19. a5 b5 20. dxc5 Bxc5 21. Ne5
Ne4 22. h5 b4 23. cxb4 Bxb4+ 24. Ke2 Bd6 25. Nc6 Kh7 26. Rac1 Na6 27. Nd4 Rb8
28. b3 Nac5 29. Nc6 Rxb3 30. f3 Ng3+ 31. Kf2 Nd3+ 0-1

[Event "FIDE World Bl Team Pool D"]
[Site "London ENG"]
[Date "2025.06.14"]
[Round "5.6"]
[White "Marton-John, Almos Kiran"]
[Black "Ongono, Victor"]
[Result "1-0"]
[WhiteElo "1987"]
[BlackElo "1560"]
[WhiteTeam "Team Hungary"]
[BlackTeam "Equity Bank, Kenya"]
[WhiteFideId "17013135"]
[BlackFideId "10805214"]
[EventDate "2025.06.14"]
[EventType "team"]

1. e4 d5 2. exd5 Qxd5 3. Nc3 Qa5 4. d4 Bf5 5. Bd2 c6 6. Nf3 Nd7 7. Bc4 Ngf6 8.
O-O e6 9. Re1 Be7 10. Qe2 Qc7 11. Ne5 Bg6 12. Rad1 O-O-O 13. Bf4 Nh5 14. Nxg6
Nxf4 15. Nxe7+ Kb8 16. Qg4 h5 17. Qh4 Nf6 18. Re5 N4d5 19. Nexd5 exd5 20. Bd3
Ka8 21. Rde1 g6 22. Qxf6 Rdg8 23. Re7 Qb6 24. Qxf7 Rb8 25. Re8 Rhxe8 26. Rxe8 a6
27. Rxb8+ Kxb8 28. Qf4+ Ka7 29. b3 Qa5 30. Qd2 Qc7 31. Bxg6 Qg7 32. Bxh5 Qf6 33.
Bf3 Qd6 34. a4 Qa3 35. g3 Qd6 36. Qf4 Qa3 37. h4 Qa1+ 38. Nd1 Qb1 39. Qd2 Qa1
40. Qc3 Qa3 41. h5 Qd6 42. Qd2 1-0

[Event "FIDE World Bl Team Pool D"]
[Site "London ENG"]
[Date "2025.06.14"]
[Round "5.1"]
[White "Grahn, Vidar"]
[Black "Amartuvshin, Ganzorig"]
[Result "0-1"]
[WhiteTitle "FM"]
[BlackTitle "IM"]
[WhiteElo "2239"]
[BlackElo "2430"]
[WhiteTeam "Uppsala SSS"]
[BlackTeam "Mongolia-A"]
[WhiteFideId "1744780"]
[BlackFideId "4902548"]
[EventDate "2025.06.14"]
[EventType "team"]

1. b3 e5 2. Bb2 Nc6 3. c4 Nf6 4. e3 Be7 5. d4 exd4 6. exd4 d5 7. Nf3 O-O 8. Be2
Bb4+ 9. Nbd2 Ne4 10. O-O Nc3 11. Bxc3 Bxc3 12. Rc1 Bxd4 13. Nb1 Bf6 14. cxd5 Nb4
15. Nc3 Bxc3 16. Rxc3 Nxd5 17. Rd3 c6 18. Rd2 Qf6 19. Nd4 Nc3 20. Qc1 Qxd4 21.
Rxd4 Nxe2+ 22. Kh1 Nxc1 0-1

[Event "FIDE World Bl Team Pool D"]
[Site "London ENG"]
[Date "2025.06.14"]
[Round "5.2"]
[White "Munkhdalai, Amilal"]
[Black "Frank, Anton"]
[Result "1-0"]
[WhiteTitle "IM"]
[BlackTitle "CM"]
[WhiteElo "2385"]
[BlackElo "2183"]
[WhiteTeam "Mongolia-A"]
[BlackTeam "Uppsala SSS"]
[WhiteFideId "4903250"]
[BlackFideId "1752383"]
[EventDate "2025.06.14"]
[EventType "team"]

1. e4 e5 2. Nf3 Nc6 3. Bb5 Nf6 4. O-O Nxe4 5. d4 Nd6 6. Bxc6 dxc6 7. dxe5 Nf5 8.
Qxd8+ Kxd8 9. h3 Ke8 10. Nc3 h5 11. g3 Be7 12. Kg2 Be6 13. Rd1 Rd8 14. Bg5 Bxg5
15. Nxg5 Ke7 16. Nxe6 Kxe6 17. Re1 Rd2 18. Rac1 b6 19. Ne4 Rd5 20. Ng5+ Ke7 21.
c3 Rhd8 22. Re2 Rd2 23. Rce1 a5 24. Nf3 Rxe2 25. Rxe2 Rd3 26. g4 hxg4 27. hxg4
Nh6 28. Kg3 a4 29. a3 c5 30. Kf4 Rd1 31. Nd2 Rg1 32. f3 Ng8 33. Ne4 Ke6 34. c4
Rd1 35. Nc3 Rd4+ 36. Re4 Rd2 37. Nxa4 Ne7 38. Ke3 Rh2 39. b4 cxb4 40. axb4 1-0

[Event "FIDE World Bl Team Pool D"]
[Site "London ENG"]
[Date "2025.06.14"]
[Round "5.3"]
[White "Strom-Engdahl, Alexander"]
[Black "Munkhzul, Turmunkh"]
[Result "0-1"]
[WhiteTitle "FM"]
[BlackTitle "WGM"]
[WhiteElo "2320"]
[BlackElo "2236"]
[WhiteTeam "Uppsala SSS"]
[BlackTeam "Mongolia-A"]
[WhiteFideId "1741586"]
[BlackFideId "4901878"]
[EventDate "2025.06.14"]
[EventType "team"]

1. d4 Nf6 2. Nf3 d5 3. Bf4 Bf5 4. e3 e6 5. Bd3 Bxd3 6. Qxd3 c5 7. O-O Nc6 8. Qb5
Qb6 9. Nc3 Be7 10. Qxb6 axb6 11. Nb5 O-O 12. c3 Ra5 13. a4 Rfa8 14. Nc7 Rc8 15.
Nb5 c4 16. Ra2 Nd7 17. Rfa1 f6 18. Nd6 Rca8 19. Nb5 Kf7 20. h4 h6 21. h5 e5 22.
dxe5 fxe5 23. Bg3 Rc8 24. Rd1 Ke6 25. e4 dxe4 26. Nd2 Nc5 27. Nxc4 Rxa4 28. Rxa4
Nxa4 29. b3 Nc5 30. Nxb6 Rd8 31. Rxd8 Bxd8 32. Nc4 Nxb3 33. Ncd6 Nc5 34. Kf1 Na5
35. Ke2 Be7 36. Nc8 Bg5 37. Nb6 Nc6 38. Nc4 Bd8 39. f3 exf3+ 40. gxf3 e4 41. Ke3
exf3 42. Kxf3 Bf6 43. Ne3 Ne5+ 44. Bxe5 Bxe5 45. Kg4 Ne4 46. c4 Nf6+ 47. Kh4 Bf4
48. Nc2 Bg5+ 49. Kh3 Nxh5 50. Ncd4+ Kd7 51. Nf3 Bf6 52. Kg4 g6 53. Nd2 Ng7 54.
Ne4 Be5 55. Nc5+ Kc6 56. Nd3 Bf6 57. Nf4 h5+ 58. Kf3 g5 59. Nd5 Bd8 60. Ne3 Kc5
61. Nc3 g4+ 62. Ke2 Ne6 63. Ne4+ Kd4 64. Ng3 Nf4+ 65. Kd2 Ba5+ 0-1

[Event "FIDE World Bl Team Pool D"]
[Site "London ENG"]
[Date "2025.06.14"]
[Round "5.4"]
[White "Gan-Od, Sereenen"]
[Black "Nilsson, Oliver"]
[Result "1-0"]
[WhiteTitle "FM"]
[WhiteElo "2320"]
[BlackElo "2129"]
[WhiteTeam "Mongolia-A"]
[BlackTeam "Uppsala SSS"]
[WhiteFideId "4901304"]
[BlackFideId "1730177"]
[EventDate "2025.06.14"]
[EventType "team"]

1. c4 c5 2. Nf3 Nf6 3. g3 d5 4. cxd5 Nxd5 5. Bg2 Nc6 6. O-O e5 7. Nc3 Nc7 8. d3
Be7 9. a4 O-O 10. Nd2 a6 11. Nc4 Bd7 12. a5 Ne6 13. Nb6 Rb8 14. Ncd5 Nb4 15.
Nxb4 cxb4 16. Be3 Bc6 17. Rc1 Bxg2 18. Kxg2 Nd4 19. Bxd4 exd4 20. Qb3 Kh8 21.
Rc4 f5 22. Rfc1 f4 23. Rc8 Qd6 24. Rxb8 Rxb8 25. Qc4 h6 26. Qc7 Rd8 27. Qxb7
fxg3 28. hxg3 Qe6 29. Qe4 Qxe4+ 30. dxe4 b3 31. Rd1 Bb4 32. Nd5 Bxa5 33. Rxd4
Rb8 34. Ra4 Bd8 35. Rxa6 h5 36. e5 Rc8 37. e6 Rc2 38. Ra8 Rxb2 39. e7 Rxe2 40.
exd8=Q+ 1-0

[Event "FIDE World Bl Team Pool D"]
[Site "London ENG"]
[Date "2025.06.14"]
[Round "5.5"]
[White "Ostensson, Julia"]
[Black "Uuriintuya, Uurtsaikh"]
[Result "0-1"]
[BlackTitle "WGM"]
[WhiteElo "1996"]
[BlackElo "2141"]
[WhiteTeam "Uppsala SSS"]
[BlackTeam "Mongolia-A"]
[WhiteFideId "1747703"]
[BlackFideId "4900227"]
[EventDate "2025.06.14"]
[EventType "team"]

1. d4 Nf6 2. c4 g6 3. Nf3 Bg7 4. e3 O-O 5. Be2 d6 6. O-O Nbd7 7. b4 e5 8. Bb2 e4
9. Nfd2 Re8 10. Nc3 Nf8 11. a4 a5 12. b5 c6 13. bxc6 bxc6 14. d5 Rb8 15. Rb1
cxd5 16. cxd5 Nxd5 17. Nxd5 Rxb2 18. Rxb2 Bxb2 19. Qc2 Bg7 20. Nxe4 Bf5 21. Bd3
Re5 22. Ndc3 Qc7 23. Rc1 Nd7 24. f3 Nc5 25. Nxc5 Rxc5 26. Bxf5 gxf5 27. Qxf5
Rxf5 0-1

[Event "FIDE World Bl Team Pool D"]
[Site "London ENG"]
[Date "2025.06.14"]
[Round "5.6"]
[White "Han, Qixuan"]
[Black "Morell, Edvin"]
[Result "0-1"]
[WhiteElo "1896"]
[BlackElo "1944"]
[WhiteTeam "Mongolia-A"]
[BlackTeam "Uppsala SSS"]
[WhiteFideId "496944"]
[BlackFideId "1722050"]
[EventDate "2025.06.14"]
[EventType "team"]

1. Nf3 c5 2. e3 Nf6 3. c4 g6 4. d4 cxd4 5. exd4 d5 6. Nc3 Bg7 7. cxd5 Nxd5 8.
Bc4 Nxc3 9. bxc3 O-O 10. O-O a6 11. a4 Qc7 12. Qe2 Bg4 13. Bd5 Qxc3 14. Ra3 Bxf3
15. Bxf3 Qxd4 16. Bxb7 Ra7 17. Be3 Qb4 18. Bxa7 Qxa3 19. h3 Qxa4 20. Qxe7 Re8
21. Qc7 Be5 22. Qc1 Qd7 23. Qb1 Re7 24. Bxb8 Bxb8 25. Bf3 Qd6 26. g3 a5 27. Qa2
Ba7 28. Kh2 Qb4 29. Rb1 Qd4 30. Rf1 a4 31. Bg2 Bc5 32. Rb1 Qxf2 33. Rb8+ Kg7 34.
Qxf2 Bxf2 35. Ra8 Ra7 36. Rxa7 Bxa7 37. Bd5 f5 38. Kg2 Kf6 39. g4 Ke5 40. Bg8 h6
41. gxf5 gxf5 42. Kf3 Kf6 43. Ba2 Bb8 44. Ke3 Ke5 45. Kd3 Kf4 46. Be6 Kg5 47.
Kc3 Bd6 48. Kd3 f4 49. Bg4 Kh4 50. Kc2 Kg3 51. Kd2 Kg2 52. Ke1 f3 53. Be6 f2+
54. Kd2 f1=Q 0-1

[Event "FIDE World Bl Team Pool D"]
[Site "London ENG"]
[Date "2025.06.14"]
[Round "5.1"]
[White "Erigaisi, Arjun"]
[Black "Fernandez, Daniel Howard"]
[Result "1-0"]
[WhiteTitle "GM"]
[BlackTitle "GM"]
[WhiteElo "2782"]
[BlackElo "2484"]
[WhiteTeam "Team MGD1"]
[BlackTeam "English Knightmares"]
[WhiteFideId "35009192"]
[BlackFideId "5801605"]
[EventDate "2025.06.14"]
[EventType "team"]

1. d4 Nf6 2. c4 e6 3. Nc3 Bb4 4. g3 O-O 5. Bg2 d5 6. a3 Bxc3+ 7. bxc3 dxc4 8. a4
Re8 9. Nf3 Bd7 10. Ne5 Bc6 11. Nxc6 Nxc6 12. a5 Nd5 13. Qd2 b6 14. e4 Nxa5 15.
Rxa5 bxa5 16. exd5 exd5+ 17. Kf1 Qd7 18. h4 Rab8 19. Bf3 a4 20. Kg2 Rb3 21. Bd1
Qe7 22. Bxb3 axb3 23. Qe3 Qd7 24. Qf3 a5 25. Ba3 h6 26. Ra1 a4 27. Bb2 Re4 28.
Bc1 Qe8 29. Ba3 c6 30. h5 Re2 31. Qf5 Qe6 32. Qxe6 fxe6 33. Kf3 Rc2 34. Bb4 Kf7
35. Kf4 g5+ 36. hxg6+ Kxg6 37. Ke5 Rxf2 38. Kxe6 Kg5 39. Kd6 Rf6+ 40. Ke5 Rf3
41. Kd6 Rf6+ 42. Kd7 Kg4 43. Bc5 b2 44. Rb1 Rf2 45. Kxc6 Kxg3 46. Kxd5 h5 47.
Kxc4 h4 48. d5 Rd2 49. d6 h3 50. Bd4 a3 51. Kb3 1-0

[Event "FIDE World Bl Team Pool D"]
[Site "London ENG"]
[Date "2025.06.14"]
[Round "5.2"]
[White "Banerjee, Supratit"]
[Black "Harikrishna, Pentala"]
[Result "0-1"]
[WhiteTitle "FM"]
[BlackTitle "GM"]
[WhiteElo "2311"]
[BlackElo "2707"]
[WhiteTeam "English Knightmares"]
[BlackTeam "Team MGD1"]
[WhiteFideId "2410079"]
[BlackFideId "5007003"]
[EventDate "2025.06.14"]
[EventType "team"]

1. e4 e5 2. Nf3 Nc6 3. Bb5 a6 4. Ba4 Nf6 5. O-O Be7 6. Re1 b5 7. Bb3 d6 8. c3
O-O 9. h3 Nb8 10. d4 Nbd7 11. c4 c6 12. Nc3 b4 13. Na4 c5 14. dxc5 dxc5 15. a3
Bb7 16. Bc2 Qc7 17. axb4 cxb4 18. b3 Nc5 19. Bb2 Nxa4 20. Bxe5 Qb6 21. Rxa4 Rad8
22. Qe2 Bc5 23. Bf4 Rfe8 24. e5 Nd7 25. Raa1 Nf8 26. Be3 Ne6 27. Bxc5 Qxc5 28.
Be4 Bxe4 29. Qxe4 a5 30. Rad1 Rxd1 31. Rxd1 Qa7 32. Qc6 Qa8 33. Qxa8 Rxa8 34.
Ra1 Kf8 35. Kf1 Ke7 36. Ke2 Kd7 37. Ke3 Kc7 38. Nd4 Nc5 39. f4 Kb6 40. g4 Rd8
41. h4 Rxd4 42. Kxd4 Nxb3+ 43. Kd5 Nxa1 44. Kd6 Nb3 45. f5 Nc5 46. e6 fxe6 47.
fxe6 Nxe6 48. Kxe6 Kc5 0-1

[Event "FIDE World Bl Team Pool D"]
[Site "London ENG"]
[Date "2025.06.14"]
[Round "5.3"]
[White "Anton Guijarro, David"]
[Black "Shearsby, Jude"]
[Result "1-0"]
[WhiteTitle "GM"]
[BlackTitle "CM"]
[WhiteElo "2642"]
[BlackElo "2160"]
[WhiteTeam "Team MGD1"]
[BlackTeam "English Knightmares"]
[WhiteFideId "2285525"]
[BlackFideId "462527"]
[EventDate "2025.06.14"]
[EventType "team"]

1. Nf3 Nf6 2. c4 g6 3. d4 Bg7 4. e3 O-O 5. Be2 d6 6. O-O c5 7. Nc3 Nc6 8. d5 Na5
9. h3 e6 10. e4 exd5 11. exd5 Bf5 12. g4 Bd7 13. Bf4 Ne8 14. Qd2 b6 15. Rfe1 Nb7
16. Bf1 Kh8 17. Re3 Rg8 18. Rae1 f6 19. Re7 Bf8 20. R7e2 Ng7 21. Bh6 f5 22. Ng5
Qf6 23. Qf4 Nh5 24. Nce4 Bxh6 25. Nxf6 Nxf4 26. Re7 Rg7 27. Nf7+ Rxf7 28. Rxf7
Bg7 29. Nxd7 Nd8 30. Re8+ 1-0

[Event "FIDE World Bl Team Pool D"]
[Site "London ENG"]
[Date "2025.06.14"]
[Round "5.4"]
[White "Badacsonyi, Frankie"]
[Black "Pranav, V"]
[Result "0-1"]
[WhiteTitle "FM"]
[BlackTitle "GM"]
[WhiteElo "2189"]
[BlackElo "2595"]
[WhiteTeam "English Knightmares"]
[BlackTeam "Team MGD1"]
[WhiteFideId "460400"]
[BlackFideId "25060783"]
[EventDate "2025.06.14"]
[EventType "team"]

1. d4 Nf6 2. c4 e6 3. Nf3 Bb4+ 4. Bd2 Qe7 5. e3 O-O 6. Bd3 b6 7. O-O Bb7 8. Nc3
d6 9. a3 Bxc3 10. Bxc3 Nbd7 11. b4 Ne4 12. Be1 f5 13. Nd2 Nxd2 14. Qxd2 e5 15.
d5 a5 16. Qb2 axb4 17. axb4 b5 18. Rxa8 Bxa8 19. cxb5 Nb6 20. e4 fxe4 21. Bxe4
Bxd5 22. Bxd5+ Nxd5 23. Bd2 Qf7 24. Qc2 h6 25. f3 Rb8 26. Qc4 Nf6 27. Qd3 Qd5
28. Qxd5+ Nxd5 29. Rc1 Rxb5 30. Rc4 Rb7 31. Kf2 Kf7 32. Ke2 Ra7 33. Kd3 Ra3+ 34.
Ke4 Ke6 35. g3 Nf6# 0-1

[Event "FIDE World Bl Team Pool D"]
[Site "London ENG"]
[Date "2025.06.14"]
[Round "5.5"]
[White "Tsolakidou, Stavroula"]
[Black "Hng, Mei-En Emmanuelle"]
[Result "1-0"]
[WhiteTitle "IM"]
[BlackTitle "WFM"]
[WhiteElo "2428"]
[BlackElo "2136"]
[WhiteTeam "Team MGD1"]
[BlackTeam "English Knightmares"]
[WhiteFideId "4264312"]
[BlackFideId "5804566"]
[EventDate "2025.06.14"]
[EventType "team"]

1. e4 c5 2. Nf3 e6 3. c3 Nf6 4. Bd3 Nc6 5. Bc2 d6 6. d4 Be7 7. O-O O-O 8. d5 Na5
9. Qd3 c4 10. Qd4 e5 11. Qe3 b5 12. b4 cxb3 13. axb3 a6 14. Bd2 Nb7 15. b4 a5
16. Bd3 Bd7 17. Na3 Ng4 18. Qe2 axb4 19. cxb4 f5 20. exf5 Bxf5 21. Bxf5 Rxf5 22.
Qe4 Rf7 23. Qxg4 Qd7 24. Qxd7 1-0

[Event "FIDE World Bl Team Pool D"]
[Site "London ENG"]
[Date "2025.06.14"]
[Round "5.6"]
[White "Jain, Gautam"]
[Black "Atharvaa P Tayade"]
[Result "0-1"]
[WhiteElo "1979"]
[BlackElo "1956"]
[WhiteTeam "English Knightmares"]
[BlackTeam "Team MGD1"]
[WhiteFideId "425311"]
[BlackFideId "25042955"]
[EventDate "2025.06.14"]
[EventType "team"]

1. d4 Nf6 2. e3 g6 3. f4 Bg7 4. Nf3 O-O 5. Bd3 d6 6. c3 Nbd7 7. O-O e5 8. fxe5
dxe5 9. e4 Re8 10. Bg5 h6 11. Bh4 g5 12. Bg3 exd4 13. Nxd4 Nc5 14. e5 Nd5 15.
Bc4 Be6 16. Nxe6 fxe6 17. Qe2 Qe7 18. Nd2 Rf8 19. Ne4 Nd7 20. Rad1 Rxf1+ 21.
Qxf1 Ne3 22. Nf6+ Nxf6 23. exf6 Bxf6 24. Qe2 Nxd1 25. Qxd1 Qc5+ 0-1